| 000 | 01079nam a22002777a 4500 | ||
|---|---|---|---|
| 999 |
_c116457 _d116457 |
||
| 003 | dpl | ||
| 005 | 20190226133302.0 | ||
| 008 | 190226b ||||| |||| 00| 0 eng d | ||
| 010 | _aB-073660 | ||
| 020 | _c150.00 | ||
| 035 | _aB-073660, B-073664 | ||
| 037 | _bCen Lib/Ret | ||
| 040 |
_aDPL _bHN _c0 |
||
| 082 |
_aक _bकश्यप |
||
| 100 |
_aकश्यप, रीता _966632 |
||
| 245 |
_aविवश तथा अन्य कहानियां / _cरीता कश्यप |
||
| 246 |
_aVivash tatha anya kahaniyan / _bby Reeta Kashyap |
||
| 260 |
_aदिल्ली _bपंकज बुक्स _c2004 |
||
| 270 |
_a126-A, पटपड़गंज _bदिल्ली _e110091 |
||
| 300 |
_a143पृ. _c21सेमी (सजिल्द) |
||
| 650 |
_a हिन्दी साहित्य _966633 |
||
| 650 |
_a हिन्दी साहित्य --कहानियाँ _966634 |
||
| 650 |
_aHindi literature _966635 |
||
| 650 |
_aHindi literature --Stories _966636 |
||
| 942 |
_2ddc _cHN _hक _mकश्यप |
||